It looks like you're offline.
Open Library logo
additional options menu

MARC record from Internet Archive

LEADER: 00793nam a2200229K 4500
001 1978116
003 CLU
005 20040711000000.0
007 t
008 860226s1897 enkc 000 0 eng d
035 $a(OCoLC)13202330
035 $907-AGB-2852
040 $aCLU$cCLU
100 1 $aJohnson, William Thomas,$d1827-1893.
245 10 $aTwelve years of a soldier's life, from the letters of Major W.T. Johnson ...$cEd. by his widow.
260 $aLondon :$bA.D. Innes & Co.,$c1897.
300 $a3 p. l., 215 p.$bfront. (port.)$c20 cm.
500 $aDeals chiefly with the author's services during the Sepoy rebellion.
651 0 $aIndia$xHistory$ySepoy Rebellion, 1857-1858.
852 $82.1$aGLAD$bNRLF$hDS478.3$i.J6$p$B 294 513
852 $81.1$aLAGE$byr$hDS478$i.J639t
901 $aLAGE$b1978116